000 00875cam a2200241 a 4500
005 20131028102143.0
008 960621s1997 dcu b 001 0 eng
020 _a1878379615
020 _a1878379607
080 _a327
245 0 0 _aPeacemaking in international conflict :
_cI. William Zartman, J. Lewis Rasmussen, editors.
260 _aWashington, D.C. :
_bUnited States Institute of Peace Press,
_c1997.
300 _aix, 412 p. ;
_c23 cm.
500 _aForeword : f. VII-IX
504 _aIncludes bibliographical references and index.
650 0 _aMarrëdhënie ndërkombëtare
650 0 _aNegociatat diplomatike në kontestet ndërkombëtare.
650 0 _aArbitrazhi ndërkombëtar
650 0 _aMenaxhimi i konflikteve
_xMetodologjia
700 1 _aZartman, I. William.
700 1 _aRasmussen, J. Lewis,
_d1963-
942 _2udc
_cBK
999 _c179
_d179